|
|
|
|
| LEADER |
00000naa2a2200000 4500 |
| 001 |
233816 |
| 005 |
20260119161419.0 |
| 035 |
|
|
|a (RuTPU)RU\TPU\book\254897
|
| 035 |
|
|
|a RU\TPU\book\254896
|
| 090 |
|
|
|a 233816
|
| 100 |
|
|
|a 20130312d2012 k y0rusy50 ca
|
| 101 |
0 |
|
|a rus
|
| 102 |
|
|
|a RU
|
| 135 |
|
|
|a drcn ---uucaa
|
| 181 |
|
0 |
|a i
|
| 182 |
|
0 |
|a b
|
| 200 |
1 |
|
|a Совершенствование технологии крупнообъемного опробования месторождений методом скважинной гидродобычи на базе совершенствования процессов массопереноса
|f Н. Е. Горшенин
|g науч. рук. С. Я. Рябчиков
|
| 203 |
|
|
|a Текст
|c электронный
|
| 215 |
|
|
|a 1 файл (577 Кб)
|
| 225 |
1 |
|
|a Современные технологии и техника разведки месторождений полезных ископаемых
|
| 300 |
|
|
|a Заглавие с титульного листа
|
| 320 |
|
|
|a [Библиогр.: с. 328 (3 назв.)]
|
| 337 |
|
|
|a Adobe Reader
|
| 461 |
|
1 |
|0 (RuTPU)RU\TPU\book\252494
|t Проблемы геологии и освоения недр
|o труды XVI Международного симпозиума имени академика М. А. Усова студентов и молодых ученых, Томск, 2-7 апреля 2012 г.
|o в 2 т.
|f Национальный исследовательский Томский политехнический университет (ТПУ), Институт природных ресурсов (ИПР) ; Общество инженеров-нефтяников, Студенческий чаптер ; под ред. О. Г. Савичева
|d 2012
|
| 463 |
|
1 |
|0 (RuTPU)RU\TPU\book\252518
|t Т. 2
|v [С. 326-328]
|d 2012
|
| 610 |
1 |
|
|a труды учёных ТПУ
|
| 610 |
1 |
|
|a электронный ресурс
|
| 610 |
1 |
|
|a технология
|
| 610 |
1 |
|
|a совершенствование
|
| 610 |
1 |
|
|a опробование
|
| 610 |
1 |
|
|a месторождения
|
| 610 |
1 |
|
|a скважинная гидродобыча
|
| 610 |
1 |
|
|a массоперенос
|
| 700 |
|
1 |
|a Горшенин
|b Н. Е.
|c горный инженер, специалист в области бурения скважин
|c аспирант Томского политехнического университета
|f 1985-
|g Николай Евгеньевич
|3 (RuTPU)RU\TPU\pers\28756
|
| 702 |
|
1 |
|a Рябчиков
|b С. Я.
|c горный инженер
|c профессор Томского политехнического университета, доктор технических наук
|f 1940-
|g Сергей Яковлевич
|4 727
|
| 801 |
|
1 |
|a RU
|b 63413507
|c 20130205
|
| 801 |
|
2 |
|a RU
|b 63413507
|c 20130909
|g RCR
|
| 856 |
4 |
|
|u http://www.lib.tpu.ru/fulltext/c/2012/C11/V2/143.pdf
|
| 942 |
|
|
|c CF
|